Top 15 Atlanta Hawks player of all-time - Statistics

General Stats
  • This quiz has been taken 14 times
  • The average score is 8 of 15
Answer Stats
Pos/placement Answer % Correct
SF #2 Dominique Wilkins
100%
PG #7 Lenny Wilkens
100%
PF #1 Bob Pettit
92%
PG #10 Trae Young
85%
C #3 Dikembe Mutombo
77%
SF #8 Joe Johnson
69%
C #11 Al Horford
62%
SF #6 Pete Maravich
54%
PF #9 Josh Smith
46%
PF #14 Paul Millsap
46%
PG #13 Doc Rivers
31%
SF #5 Cliff Hagan
23%
SF #4 Lou Hudson
23%
PF #12 Dan Roundfield
8%
C #15 Zelmo Beaty
0%
No matching quizzes found
Score Distribution
Percent of People with Each Score
Percentile by Number Answered
Your Score History
You have not taken this quiz